000 01441cam a22002771 4500
001 l 27000024
003 DLC
005 20260227111531.0
008 850801s1926 dcuf f000 0 eng c
010 _al 27000024
035 _a(OCoLC)12334895
040 _aU.S. Dept. of Labor. Libr.
_cCLU
_dDLC
050 0 0 _aHV741
_b.A32 no. 168
100 1 _aBurke, Dorothy May Williams.
245 1 0 _aWork of children on Illinois farms,
_cby Dorothy Williams and Mary E. Skinner ...
260 _aWashington,
_bGovt. Print. Off.,
_c1926.
300 _av, 48 p.
_bplates.
_c23 cm.
490 0 _aUnited States. Children's Bureau. Bureau publication
_vno. 168
500 _aAt head of title: U.S. Department of Labor. James J. Davis, secretary. Children's Bureau. Grace Abbott, chief.
500 _a"The ninth and last of a series of studies of the labor of children on farms, with special reference to school attendance."
500 _a"The investigation upon which the report was based was planned and carried out under the general supervision of Ellen Nathalie Matthews ... Dorothy M. Williams directed the field work and wrote the report for the Chicago truck-farming district and Mary E. Skinner for the general-farming counties."--Letter of transmittal.
650 0 _aChild labor
_zIllinois.
650 0 _aAgricultural laborers
_zIllinois.
700 1 _aMatthews, Ellen Nathalie,
_d1884-
700 1 _aSkinner, Mary Elizabeth,
_d1886-1950.
999 _c35846
_d35846